Wat zijn de 20 grootste steden in Frankrijk - Statistieken

Algemene statistieken
  • Deze quiz is 135 keer genomen
    134 sinds de laatste reset
  • De gemiddelde score is 11 van 20
Antwoordstatistieken
Hint Antwoord % Correct
2 Marseille
96%
1 Paris
92%
3 Lyon
87%
9 Bordeaux
86%
10 Lille
82%
5 Nice
79%
4 Toulouse
76%
8 Strasbourg
54%
6 Nantes
53%
17 Dijon
49%
11
Rennes
47%
7 Montpellier
47%
12 Reims
47%
14 Le Havre
40%
16 Grenoble
28%
13 Saint-Étienne
27%
15 Toulon
24%
19 Nîmes
17%
18 Angers
12%
20 Villeurbanne
12%
Geen overeenkomende quizzen gevonden
Scoreverdeling
Procent van Mensen met Elke Score
Percentiel versus Aantal Correcte Antwoorden
Uw Scoregeschiedenis
U heeft deze quiz nog niet genomen sinds de laatste reset